| 000 | 01426cam a2200349 a 4500 | ||
|---|---|---|---|
| 001 | 13849607 | ||
| 005 | 20080311082537.0 | ||
| 008 | 050125s2004 ne a b 001 0 eng | ||
| 010 | _a 2005271111 | ||
| 020 | _a1402020643 | ||
| 020 | _a9781402020643 | ||
| 020 | _a8181285743 | ||
| 020 | _a9788181285744 | ||
| 040 |
_aDLC _cDLC _dDLC |
||
| 050 | 0 | 0 |
_aTA706 _b.B73 2004 |
| 082 | 0 | 0 |
_a622.2 _222 _bBRA |
| 100 | 1 |
_aBrady, B. H. G. _q(Barry H. G.) _923212 |
|
| 245 | 1 | 0 |
_aRock Mechanics : _bFor Underground Mining / _cB.H.G. Brady, E.T. Brown. |
| 250 | _a3rd ed. | ||
| 260 |
_aNew Delhi : _bSpringer, 2004 _c2004. |
||
| 300 |
_axviii, 628 p. : _bill. ; _c26 cm. |
||
| 504 | _aIncludes bibliographical references (p.p.589-613) and index. | ||
| 650 | 0 |
_aRock mechanics. _923213 |
|
| 650 | 0 |
_aMining engineering. _923214 |
|
| 653 |
_bGen _cApril2011 |
||
| 700 | 1 |
_aBrown, E. T. _q(Edwin T.), _d1938- _923215 |
|
| 856 | 4 | 2 |
_3Publisher description _uhttp://www.loc.gov/catdir/enhancements/fy0823/2005271111-d.html |
| 856 | 4 | 1 |
_3Table of contents only _uhttp://www.loc.gov/catdir/enhancements/fy0823/2005271111-t.html |
| 942 |
_2ddc _cBB |
||
| 999 |
_c15147 _d15147 |
||